| Tag |
First Indicator |
Second Indicator |
Subfields |
| LEADER |
00000cam a2200000 4500 |
| 001 |
in00000141213 |
| 005 |
20151003060303.0 |
| 008 |
780131s1962 nyua 00000 eng d |
| 010 |
|
|
|a 62014302
|
| 035 |
|
|
|a (OCoLC)03591775
|
| 035 |
|
|
|9 AAQ5639AM
|
| 040 |
|
|
|a TRI
|c TRI
|d TXA
|d UtOrBLW
|
| 049 |
|
|
|a TXAM
|c 1 [419699]
|c 2 [367769]
|
| 082 |
0 |
|
|a 398.22
|
| 090 |
|
|
|a PR2043
|b .B3 1962a
|
| 100 |
1 |
|
|a Malory, Thomas,
|c Sir,
|d active 15th century.
|
| 245 |
1 |
3 |
|a Le morte d'Arthur ;
|b King Arthur and the legends of the Round Table /
|c A rendition in modern idiom by Keith Baines. With an introd. by Robert Graves. Decorative illus. by Enrico Arno.
|
| 264 |
|
1 |
|a New York :
|b Bramhall House,
|c [1962]
|
| 300 |
|
|
|a 512 pages :
|b illustrations ;
|c 24 cm.
|
| 336 |
|
|
|a text
|b txt
|2 rdacontent
|
| 337 |
|
|
|a unmediated
|b n
|2 rdamedia
|
| 338 |
|
|
|a volume
|b nc
|2 rdacarrier
|
| 500 |
|
|
|a "Based [on] ... the Winchester ms. edited by Eugene Vinaver and published by Oxford (The Clarendon Press), 3 volumes, in 1947; also in the Oxford standard authors series, 1 volume, in 1954."
|
| 700 |
1 |
|
|a Baines, Keith.
|
| 730 |
0 |
|
|a Arthur, King (Romances, etc.)
|
| 999 |
|
|
|a MARS
|
| 999 |
f |
f |
|s 93418f33-5eab-3077-b128-705f984b293a
|i 348d3045-5d77-3c94-8637-57b2aab904db
|t 0
|
| 952 |
f |
f |
|p normal
|a Texas A&M University
|b College Station
|c Sterling C. Evans Library
|d Evans: Library Stacks
|t 0
|e PR2043 .B3 1962a
|h Library of Congress classification
|i unmediated -- volume
|m A14803880406
|
| 998 |
f |
f |
|a PR2043 .B3 1962a
|t 0
|l Evans: Library Stacks
|